000 00507nam a22001697a 4500
005 20231115122828.0
008 231115b |||||||| |||| 00| 0 eng d
020 _a0702115657
041 _aEnglish
082 _a344.1 POO
100 _aPoolman, T
_lEnglish
245 _aPrinciples of Unfair Labour Practice /
_cT Poolman
260 _aCape Town :
_bJuta and Company Ltd,
_c1985
300 _bxxx, 243 pages ;
_c23 cm.
650 _aLegal practice
_bLaw
942 _cBK
_6ALISON_BN_VRIES
999 _c675
_d675